000 00502nam a2200181Ia 4500
008 100921s9999 xx 000 0 und d
082 _b14969
_a891.461 थ 10
100 _aगोडबोले परशुरामपंत.
245 _aनवनीत.
260 _b---
_c1910
300 _a455
_b---
365 _b0.75
520 _aललित-काव्य.
630 _aनवनीत.
650 _aललित-काव्य.
730 _aनवनीत.
942 _cBOOK
999 _c764082
_d764079